00419nam a22001577a 45000050016000000100013000160200026000290350013000550370024000680820013000921000024001052450044001292600035001732700038002083000015002462012070607047.0 aB-477809 a9788182472204c695.00 aB-477809 adplbK. K. Pub /Ven a891.4414 aTagore Rabindranath aPoems & Plays /cby Rabindernath Tagore aChandigarhbAbhishek Pubc20082 aSCO 57-59 Sector 17 CbChandigarh a391pc24cm